[Event "DVM U16 2021"]
[Site "Kiel GER"]
[Date "2022.07.24"]
[Round "3"]
[White "Schedel, Loris"]
[Black "Troßmann, Max"]
[Result "1/2-1/2"]
[Termination "normal"]
[Board "7.3"]
[WhiteElo "1520"]
[BlackElo "1785"]
[WhiteClock "00:05:52"]
[BlackClock "00:30:45"]
[WhiteTeam "SF 1876 Göppingen"]
[BlackTeam "SC Ansbach 1855 e.V."]
[PlyCount "67"]
[WhiteFideId "16255542"]
[BlackFideId "16292634"]
[EventCountry "GER"]
[EventRounds "7"]
[EventType "team-swiss"]
[EventDate "2022.07.22"]

1. e4 {[%clk 01:30:51]} {[%emt 00:00:09]} e5 {[%clk 01:30:55]} {[%emt
00:00:05]} 2. Nf3 {[%clk 01:31:15]} {[%emt 00:00:06]} Nc6 {[%clk 01:30:53]}
{[%emt 00:00:32]} 3. Bc4 {[%clk 01:31:29]} {[%emt 00:00:16]} Nf6 {[%clk
01:31:14]} {[%emt 00:00:09]} 4. d3 {[%clk 01:30:34]} {[%emt 00:01:24]} Be7
{[%clk 01:30:54]} {[%emt 00:00:51]} 5. c3 {[%clk 01:27:54]} {[%emt 00:03:10]}
Na5 {[%clk 01:29:52]} {[%emt 00:01:32]} 6. Bb3 {[%clk 01:28:11]} {[%emt
00:00:13]} d6 {[%clk 01:29:57]} {[%emt 00:00:26]} 7. h3 {[%clk 01:27:35]}
{[%emt 00:01:06]} O-O {[%clk 01:29:48]} {[%emt 00:00:38]} 8. Be3 {[%clk
01:26:43]} {[%emt 00:01:22]} Be6 {[%clk 01:26:13]} {[%emt 00:04:05]} 9. Nbd2
{[%clk 01:25:39]} {[%emt 00:01:34]} Nd7 {[%clk 01:20:14]} {[%emt 00:06:28]} 10.
d4 {[%clk 01:21:24]} {[%emt 00:04:46]} Nxb3 {[%clk 01:16:42]} {[%emt 00:04:02]}
11. axb3 {[%clk 01:19:24]} {[%emt 00:02:30]} f5 {[%clk 01:16:00]} {[%emt
00:01:13]} 12. d5 {[%clk 01:16:00]} {[%emt 00:03:54]} Bxd5 {[%clk 01:11:13]}
{[%emt 00:05:17]} 13. exd5 {[%clk 01:14:24]} {[%emt 00:02:06]} f4 {[%clk
01:10:39]} {[%emt 00:01:03]} 14. Bxa7 {[%clk 01:12:43]} {[%emt 00:02:11]} b6
{[%clk 01:10:38]} {[%emt 00:00:32]} 15. Ne4 {[%clk 01:07:46]} {[%emt 00:05:27]}
Qc8 {[%clk 01:09:06]} {[%emt 00:02:01]} 16. Bxb6 {[%clk 01:01:57]} {[%emt
00:06:19]} Nxb6 {[%clk 01:07:20]} {[%emt 00:02:16]} 17. Rxa8 {[%clk 01:01:18]}
{[%emt 00:01:10]} Qxa8 {[%clk 01:07:29]} {[%emt 00:00:20]} 18. c4 {[%clk
00:55:28]} {[%emt 00:06:21]} Qa5+ {[%emt 00:02:56]} 19. Nfd2 {[%clk 00:46:42]}
{[%emt 00:09:04]} Nd7 {[%clk 01:03:45]} {[%emt 00:02:00]} 20. O-O {[%clk
00:44:40]} {[%emt 00:02:32]} Kh8 {[%clk 00:55:03]} {[%emt 00:09:11]} 21. Nf3
{[%clk 00:36:07]} {[%emt 00:09:03]} Nc5 {[%clk 00:54:34]} {[%emt 00:00:59]} 22.
Qc2 {[%clk 00:32:55]} {[%emt 00:03:42]} Ra8 {[%clk 00:52:29]} {[%emt 00:02:35]}
23. Nfg5 {[%clk 00:24:59]} {[%emt 00:08:26]} Nxe4 {[%clk 00:41:47]} {[%emt
00:11:12]} 24. Nxe4 {[%clk 00:25:07]} {[%emt 00:00:23]} Qb6 {[%clk 00:41:23]}
{[%emt 00:00:53]} 25. Nc3 {[%clk 00:22:10]} {[%emt 00:03:27]} g6 {[%clk
00:37:28]} {[%emt 00:04:26]} 26. Rd1 {[%clk 00:20:55]} {[%emt 00:01:44]} Bh4
{[%clk 00:36:50]} {[%emt 00:01:09]} 27. Na4 {[%clk 00:14:42]} {[%emt 00:06:43]}
Qa7 {[%clk 00:35:08]} {[%emt 00:02:11]} 28. c5 {[%clk 00:11:07]} {[%emt
00:04:05]} Kg7 {[%clk 00:32:28]} {[%emt 00:03:10]} 29. Rd2 {[%clk 00:10:16]}
{[%emt 00:01:21]} Rf8 {[%clk 00:32:32]} {[%emt 00:00:26]} 30. b4 {[%clk
00:07:53]} {[%emt 00:02:54]} f3 {[%clk 00:32:32]} {[%emt 00:00:19]} 31. g3
{[%clk 00:06:53]} {[%emt 00:01:40]} Be7 {[%clk 00:32:41]} {[%emt 00:00:21]} 32.
cxd6 {[%clk 00:05:39]} {[%emt 00:01:45]} Bxd6 {[%clk 00:31:56]} {[%emt
00:01:14]} 33. Nc5 {[%clk 00:05:52]} {[%emt 00:00:17]} Rf7 {[%clk 00:30:45]}
{[%emt 00:01:41]} 34. Rd3 {[%emt 00:03:31]} 1/2-1/2

[Event "DVM U16 2021"]
[Site "Kiel GER"]
[Date "2022.07.24"]
[Round "3"]
[White "Stark, Amalia"]
[Black "Heilig, Tim Markus"]
[Result "1-0"]
[Termination "normal"]
[Board "7.4"]
[WhiteElo "1365"]
[BlackElo "1365"]
[WhiteClock "00:59:27"]
[BlackClock "00:03:51"]
[WhiteTeam "SC Ansbach 1855 e.V."]
[BlackTeam "SF 1876 Göppingen"]
[PlyCount "69"]
[WhiteFideId "16230132"]
[BlackFideId "16295935"]
[EventCountry "GER"]
[EventRounds "7"]
[EventType "team-swiss"]
[EventDate "2022.07.22"]

1. e4 {[%clk 01:30:35]} {[%emt 00:00:25]} e5 {[%clk 01:30:55]} {[%emt
00:00:05]} 2. Nf3 {[%clk 01:30:58]} {[%emt 00:00:06]} Nc6 {[%clk 01:31:21]}
{[%emt 00:00:05]} 3. Bb5 {[%clk 01:30:58]} {[%emt 00:00:29]} a6 {[%clk
01:30:51]} {[%emt 00:01:01]} 4. Ba4 {[%clk 01:31:23]} {[%emt 00:00:05]} b5
{[%clk 01:31:17]} {[%emt 00:00:05]} 5. Bb3 {[%clk 01:31:47]} {[%emt 00:00:04]}
Nf6 {[%clk 01:31:25]} {[%emt 00:00:22]} 6. O-O {[%clk 01:31:27]} {[%emt
00:00:51]} Be7 {[%clk 01:30:44]} {[%emt 00:01:11]} 7. c3 {[%clk 01:30:20]}
{[%emt 00:01:37]} d6 {[%clk 01:28:43]} {[%emt 00:02:31]} 8. h3 {[%clk
01:27:05]} {[%emt 00:03:44]} O-O {[%clk 01:23:34]} {[%emt 00:05:39]} 9. d4
{[%clk 01:26:15]} {[%emt 00:01:21]} exd4 {[%clk 01:21:34]} {[%emt 00:02:30]}
10. cxd4 {[%clk 01:26:33]} {[%emt 00:00:12]} Bb7 {[%clk 01:21:39]} {[%emt
00:00:25]} 11. Re1 {[%clk 01:24:04]} {[%emt 00:02:58]} Nd7 {[%clk 01:13:48]}
{[%emt 00:08:22]} 12. Nc3 {[%clk 01:22:31]} {[%emt 00:02:03]} Na5 {[%clk
01:09:41]} {[%emt 00:04:37]} 13. Bc2 {[%clk 01:22:50]} {[%emt 00:00:12]} c5
{[%clk 01:09:56]} {[%emt 00:00:14]} 14. e5 {[%clk 01:15:25]} {[%emt 00:07:55]}
dxe5 {[%clk 00:57:06]} {[%emt 00:13:19]} 15. dxe5 {[%clk 01:14:46]} {[%emt
00:01:10]} Nb6 {[%clk 00:44:46]} {[%emt 00:12:50]} 16. Qe2 {[%clk 01:13:06]}
{[%emt 00:02:09]} Bc8 {[%clk 00:32:15]} {[%emt 00:13:02]} 17. Qe4 {[%clk
01:12:34]} {[%emt 00:01:00]} g6 {[%clk 00:31:54]} {[%emt 00:00:53]} 18. Bh6
{[%clk 01:12:51]} {[%emt 00:00:12]} Bf5 {[%clk 00:29:53]} {[%emt 00:02:31]} 19.
Qe2 {[%clk 01:11:14]} {[%emt 00:02:07]} Bxc2 {[%clk 00:26:20]} {[%emt
00:04:04]} 20. Bxf8 {[%clk 01:11:18]} {[%emt 00:00:26]} Bxf8 {[%clk 00:26:19]}
{[%emt 00:00:30]} 21. Qxc2 {[%clk 01:11:39]} {[%emt 00:00:10]} Nc6 {[%clk
00:25:42]} {[%emt 00:01:06]} 22. Rad1 {[%clk 01:11:29]} {[%emt 00:00:40]} Qe8
{[%clk 00:23:32]} {[%emt 00:02:40]} 23. Ne4 {[%clk 01:11:25]} {[%emt 00:00:34]}
Be7 {[%clk 00:20:05]} {[%emt 00:03:57]} 24. Nf6+ {[%clk 01:10:21]} {[%emt
00:01:34]} Bxf6 {[%clk 00:20:26]} {[%emt 00:00:09]} 25. exf6 {[%clk 01:10:50]}
{[%emt 00:00:02]} Qf8 {[%clk 00:20:00]} {[%emt 00:00:55]} 26. Qe4 {[%clk
01:09:53]} {[%emt 00:01:26]} Rc8 {[%clk 00:18:26]} {[%emt 00:02:04]} 27. Ne5
{[%clk 01:07:53]} {[%emt 00:02:30]} Nd4 {[%clk 00:15:43]} {[%emt 00:03:14]} 28.
b4 {[%clk 01:04:33]} {[%emt 00:03:51]} Ne6 {[%clk 00:14:16]} {[%emt 00:01:56]}
29. Nd7 {[%clk 01:03:15]} {[%emt 00:01:47]} Nxd7 {[%clk 00:13:27]} {[%emt
00:01:19]} 30. Rxd7 {[%clk 01:03:44]} {[%emt 00:00:02]} c4 {[%clk 00:12:00]}
{[%emt 00:01:58]} 31. f4 {[%clk 01:00:15]} {[%emt 00:03:58]} Re8 {[%clk
00:08:44]} {[%emt 00:03:46]} 32. f5 {[%clk 00:58:26]} {[%emt 00:02:19]} Nc7
{[%clk 00:07:51]} {[%emt 00:01:23]} 33. Qb1 {[%clk 00:58:46]} {[%emt 00:00:10]}
Rxe1+ {[%clk 00:08:12]} {[%emt 00:00:10]} 34. Qxe1 {[%clk 00:59:12]} {[%emt
00:00:04]} Ne8 {[%clk 00:03:51]} {[%emt 00:04:50]} 35. Rd8 {[%clk 00:59:27]}
{[%emt 00:00:15]} 1-0

[Event "DVM U16 2021"]
[Site "Kiel GER"]
[Date "2022.07.24"]
[Round "3"]
[White "Danninger, Jannik"]
[Black "Hahn, Peter"]
[Result "1-0"]
[Termination "normal"]
[Board "8.1"]
[WhiteElo "1840"]
[BlackElo "1670"]
[WhiteClock "00:27:20"]
[BlackClock "01:09:42"]
[WhiteTeam "TV Tegernsee"]
[BlackTeam "SK Kelheim 1920"]
[PlyCount "57"]
[WhiteFideId "16226402"]
[BlackFideId "34627316"]
[EventCountry "GER"]
[EventRounds "7"]
[EventType "team-swiss"]
[EventDate "2022.07.22"]

1. e4 {[%clk 01:30:56]} {[%emt 00:00:03]} c6 {[%clk 01:30:56]} {[%emt
00:00:04]} 2. d4 {[%clk 01:31:22]} {[%emt 00:00:04]} d5 {[%clk 01:31:23]}
{[%emt 00:00:03]} 3. exd5 {[%clk 01:31:47]} {[%emt 00:00:05]} cxd5 {[%clk
01:31:48]} {[%emt 00:00:05]} 4. Bd3 {[%clk 01:32:13]} {[%emt 00:00:04]} Nc6
{[%clk 01:32:03]} {[%emt 00:00:15]} 5. c3 {[%clk 01:32:39]} {[%emt 00:00:04]}
Qc7 {[%clk 01:32:24]} {[%emt 00:00:09]} 6. Ne2 {[%clk 01:32:33]} {[%emt
00:00:36]} Bg4 {[%clk 01:32:49]} {[%emt 00:00:06]} 7. f3 {[%clk 01:25:56]}
{[%emt 00:07:06]} Bh5 {[%clk 01:33:12]} {[%emt 00:00:07]} 8. Bf4 {[%clk
01:18:49]} {[%emt 00:07:38]} Qc8 {[%clk 01:33:19]} {[%emt 00:00:23]} 9. O-O
{[%clk 01:17:40]} {[%emt 00:01:38]} e6 {[%clk 01:32:14]} {[%emt 00:01:35]} 10.
Bg3 {[%clk 01:13:11]} {[%emt 00:04:58]} Bg6 {[%clk 01:31:53]} {[%emt 00:00:52]}
11. Re1 {[%clk 01:06:30]} {[%emt 00:07:10]} Bxd3 {[%clk 01:31:05]} {[%emt
00:01:19]} 12. Qxd3 {[%clk 01:01:26]} {[%emt 00:05:34]} Nf6 {[%clk 01:31:17]}
{[%emt 00:00:18]} 13. Nd2 {[%clk 01:01:12]} {[%emt 00:00:43]} Nh5 {[%clk
01:28:48]} {[%emt 00:03:00]} 14. f4 {[%clk 00:59:35]} {[%emt 00:02:07]} Bd6
{[%clk 01:27:42]} {[%emt 00:01:36]} 15. f5 {[%clk 00:57:29]} {[%emt 00:02:38]}
Nxg3 {[%clk 01:27:52]} {[%emt 00:00:17]} 16. Nxg3 {[%clk 00:57:48]} {[%emt
00:00:11]} O-O {[%clk 01:23:04]} {[%emt 00:05:19]} 17. f6 {[%clk 00:49:34]}
{[%emt 00:08:44]} gxf6 {[%clk 01:21:16]} {[%emt 00:02:18]} 18. Nh5 {[%clk
00:49:40]} {[%emt 00:00:23]} f5 {[%clk 01:20:05]} {[%emt 00:01:42]} 19. Qe3
{[%clk 00:43:09]} {[%emt 00:07:01]} f4 {[%clk 01:16:19]} {[%emt 00:04:16]} 20.
Nxf4 {[%clk 00:41:20]} {[%emt 00:02:19]} Bxf4 {[%clk 01:16:38]} {[%emt
00:00:11]} 21. Qxf4 {[%clk 00:41:42]} {[%emt 00:00:07]} f5 {[%clk 01:16:22]}
{[%emt 00:00:47]} 22. Re3 {[%clk 00:40:45]} {[%emt 00:01:27]} Rf6 {[%clk
01:16:01]} {[%emt 00:00:51]} 23. Rae1 {[%clk 00:40:15]} {[%emt 00:01:00]} Qd7
{[%clk 01:15:37]} {[%emt 00:00:54]} 24. Nf3 {[%clk 00:39:44]} {[%emt 00:01:00]}
Re8 {[%clk 01:14:17]} {[%emt 00:01:50]} 25. Kh1 {[%clk 00:36:20]} {[%emt
00:03:54]} Rg6 {[%clk 01:13:02]} {[%emt 00:01:46]} 26. h3 {[%clk 00:33:03]}
{[%emt 00:03:47]} h6 {[%clk 01:10:24]} {[%emt 00:03:08]} 27. Nh4 {[%clk
00:30:26]} {[%emt 00:03:06]} Rg5 {[%clk 01:10:52]} {[%emt 00:00:03]} 28. Rg3
{[%clk 00:27:20]} {[%emt 00:03:35]} Qg7 {[%clk 01:09:42]} {[%emt 00:01:40]} 29.
Nxf5 {[%emt 00:05:34]} 1-0

[Event "DVM U16 2021"]
[Site "Kiel GER"]
[Date "2022.07.24"]
[Round "3"]
[White "Gold, Michael"]
[Black "Andrade, Ruben"]
[Result "0-1"]
[Termination "normal"]
[Board "8.2"]
[WhiteElo "1383"]
[BlackElo "1614"]
[WhiteClock "01:10:21"]
[BlackClock "00:02:19"]
[WhiteTeam "SK Kelheim 1920"]
[BlackTeam "TV Tegernsee"]
[PlyCount "88"]
[WhiteFideId "34605169"]
[BlackFideId "16246829"]
[EventCountry "GER"]
[EventRounds "7"]
[EventType "team-swiss"]
[EventDate "2022.07.22"]

1. c4 {[%clk 01:30:57]} {[%emt 00:00:02]} e6 {[%clk 01:30:45]} {[%emt
00:00:15]} 2. g3 {[%clk 01:31:16]} {[%emt 00:00:11]} d5 {[%clk 01:31:10]}
{[%emt 00:00:05]} 3. Bg2 {[%clk 01:31:39]} {[%emt 00:00:08]} Nf6 {[%clk
01:31:20]} {[%emt 00:00:20]} 4. Nc3 {[%clk 01:31:53]} {[%emt 00:00:15]} Be7
{[%clk 01:31:13]} {[%emt 00:00:36]} 5. e3 {[%clk 01:31:55]} {[%emt 00:00:29]}
O-O {[%clk 01:29:09]} {[%emt 00:02:34]} 6. cxd5 {[%clk 01:32:18]} {[%emt
00:00:06]} exd5 {[%clk 01:29:30]} {[%emt 00:00:10]} 7. d4 {[%clk 01:32:16]}
{[%emt 00:00:32]} c6 {[%clk 01:28:30]} {[%emt 00:01:30]} 8. Nf3 {[%clk
01:32:22]} {[%emt 00:00:24]} h6 {[%clk 01:20:41]} {[%emt 00:08:19]} 9. O-O
{[%clk 01:32:18]} {[%emt 00:00:34]} Be6 {[%clk 01:20:04]} {[%emt 00:01:06]} 10.
a3 {[%clk 01:32:07]} {[%emt 00:00:42]} Nbd7 {[%clk 01:13:14]} {[%emt 00:07:19]}
11. b3 {[%clk 01:30:42]} {[%emt 00:01:55]} c5 {[%clk 01:10:05]} {[%emt
00:03:39]} 12. dxc5 {[%clk 01:30:10]} {[%emt 00:01:03]} Nxc5 {[%clk 01:10:12]}
{[%emt 00:00:23]} 13. b4 {[%clk 01:29:45]} {[%emt 00:00:55]} Nce4 {[%clk
01:09:47]} {[%emt 00:00:55]} 14. Nxe4 {[%clk 01:30:06]} {[%emt 00:00:08]} Nxe4
{[%clk 01:05:19]} {[%emt 00:04:58]} 15. Nd4 {[%clk 01:29:40]} {[%emt 00:00:56]}
Bd7 {[%clk 01:02:19]} {[%emt 00:03:30]} 16. Bb2 {[%clk 01:29:10]} {[%emt
00:01:01]} Qb6 {[%clk 00:58:17]} {[%emt 00:04:31]} 17. Rc1 {[%clk 01:25:44]}
{[%emt 00:04:00]} a5 {[%clk 00:48:16]} {[%emt 00:10:28]} 18. Nb3 {[%clk
01:23:10]} {[%emt 00:03:04]} axb4 {[%clk 00:34:17]} {[%emt 00:14:29]} 19. Bxe4
{[%clk 01:21:24]} {[%emt 00:02:16]} dxe4 {[%clk 00:25:48]} {[%emt 00:08:59]}
20. Qxd7 {[%clk 01:21:32]} {[%emt 00:00:21]} bxa3 {[%clk 00:25:54]} {[%emt
00:00:24]} 21. Bd4 {[%clk 01:21:28]} {[%emt 00:00:35]} Qxb3 {[%clk 00:23:10]}
{[%emt 00:03:13]} 22. Qxe7 {[%clk 01:21:52]} {[%emt 00:00:06]} Rae8 {[%clk
00:17:31]} {[%emt 00:06:10]} 23. Rb1 {[%clk 01:19:38]} {[%emt 00:02:44]} Qxb1
{[%clk 00:14:25]} {[%emt 00:03:36]} 24. Qxf8+ {[%clk 01:19:48]} {[%emt
00:00:20]} Rxf8 {[%clk 00:14:52]} {[%emt 00:00:03]} 25. Rxb1 {[%clk 01:20:13]}
{[%emt 00:00:04]} a2 {[%clk 00:14:59]} {[%emt 00:00:23]} 26. Rc1 {[%clk
01:19:07]} {[%emt 00:01:37]} b5 {[%clk 00:13:50]} {[%emt 00:01:38]} 27. Kf1
{[%clk 01:18:35]} {[%emt 00:01:02]} b4 {[%clk 00:11:44]} {[%emt 00:02:37]} 28.
Ke2 {[%clk 01:17:59]} {[%emt 00:01:06]} b3 {[%clk 00:11:38]} {[%emt 00:00:36]}
29. Kd2 {[%clk 01:17:00]} {[%emt 00:01:29]} Rb8 {[%clk 00:11:09]} {[%emt
00:00:57]} 30. Bb2 {[%clk 01:16:43]} {[%emt 00:00:48]} Rd8+ {[%clk 00:11:29]}
{[%emt 00:00:11]} 31. Ke2 {[%clk 01:16:20]} {[%emt 00:00:53]} f6 {[%clk
00:05:08]} {[%emt 00:06:51]} 32. Rd1 {[%clk 01:16:34]} {[%emt 00:00:17]} Rc8
{[%clk 00:05:18]} {[%emt 00:00:19]} 33. Rd2 {[%clk 01:16:41]} {[%emt 00:00:21]}
Rc1 {[%clk 00:03:47]} {[%emt 00:02:02]} 34. Bd4 {[%clk 01:10:17]} {[%emt
00:06:54]} a1=Q {[%clk 00:03:22]} {[%emt 00:00:56]} 35. Bxa1 {[%clk 01:10:43]}
{[%emt 00:00:04]} Rxa1 {[%clk 00:03:45]} {[%emt 00:00:06]} 36. Rd8+ {[%clk
01:10:35]} {[%emt 00:00:38]} Kf7 {[%clk 00:04:01]} {[%emt 00:00:14]} 37. Rb8
{[%clk 01:10:59]} {[%emt 00:00:06]} Rb1 {[%clk 00:01:47]} {[%emt 00:02:44]} 38.
h4 {[%clk 01:10:28]} {[%emt 00:01:02]} Ke6 {[%clk 00:01:05]} {[%emt 00:01:12]}
39. Kd2 {[%clk 01:10:07]} {[%emt 00:00:51]} Rb2+ {[%clk 00:00:57]} {[%emt
00:00:38]} 40. Kc3 {[%clk 01:10:28]} {[%emt 00:00:09]} Rxf2 {[%clk 00:01:22]}
{[%emt 00:00:05]} 41. Rxb3 {[%clk 01:10:21]} {[%emt 00:00:36]} Rf3 {[%clk
00:01:42]} {[%emt 00:00:10]} 42. Kd4 {[%clk 01:10:38]} {[%emt 00:00:13]} Rxg3
{[%clk 00:01:46]} {[%emt 00:00:26]} 43. Kxe4 {[%clk 01:09:54]} {[%emt
00:01:14]} Rg4+ {[%clk 00:01:55]} {[%emt 00:00:22]} 44. Kf3 {[%clk 01:10:21]}
{[%emt 00:00:03]} Rxh4 {[%clk 00:02:19]} {[%emt 00:00:06]} 0-1

[Event "DVM U16 2021"]
[Site "Kiel GER"]
[Date "2022.07.24"]
[Round "3"]
[White "Franzky, Julian"]
[Black "Weinberger, Maxim"]
[Result "1-0"]
[Termination "normal"]
[Board "8.3"]
[WhiteElo "1382"]
[BlackElo "1153"]
[WhiteClock "00:25:35"]
[BlackClock "00:55:10"]
[WhiteTeam "TV Tegernsee"]
[BlackTeam "SK Kelheim 1920"]
[PlyCount "103"]
[WhiteFideId "16291603"]
[BlackFideId "16290330"]
[EventCountry "GER"]
[EventRounds "7"]
[EventType "team-swiss"]
[EventDate "2022.07.22"]

1. e4 {[%clk 01:31:00]} e5 {[%clk 01:30:55]} {[%emt 00:00:05]} 2. Nf3 {[%clk
01:31:21]} {[%emt 00:00:09]} Nc6 {[%clk 01:31:19]} {[%emt 00:00:06]} 3. Bc4
{[%clk 01:31:47]} {[%emt 00:00:03]} Nf6 {[%clk 01:31:37]} {[%emt 00:00:12]} 4.
d3 {[%clk 01:32:04]} {[%emt 00:00:14]} h6 {[%clk 01:32:01]} {[%emt 00:00:06]}
5. Be3 {[%clk 01:32:25]} {[%emt 00:00:08]} Be7 {[%clk 01:31:47]} {[%emt
00:00:44]} 6. c3 {[%clk 01:32:34]} {[%emt 00:00:22]} d6 {[%clk 01:31:53]}
{[%emt 00:00:23]} 7. O-O {[%clk 01:32:03]} {[%emt 00:01:01]} Be6 {[%clk
01:32:01]} {[%emt 00:00:23]} 8. Bb3 {[%clk 01:32:15]} {[%emt 00:00:18]} O-O
{[%clk 01:32:22]} {[%emt 00:00:08]} 9. Nbd2 {[%clk 01:31:42]} {[%emt 00:01:03]}
d5 {[%clk 01:32:15]} {[%emt 00:00:38]} 10. exd5 {[%clk 01:31:04]} {[%emt
00:01:09]} Bxd5 {[%clk 01:32:05]} {[%emt 00:00:39]} 11. Bxd5 {[%clk 01:29:38]}
{[%emt 00:01:55]} Qxd5 {[%clk 01:31:13]} {[%emt 00:01:23]} 12. Nb3 {[%clk
01:27:37]} {[%emt 00:02:31]} e4 {[%clk 01:27:41]} {[%emt 00:04:02]} 13. dxe4
{[%clk 01:26:58]} {[%emt 00:01:09]} Qxd1 {[%clk 01:28:03]} {[%emt 00:00:09]}
14. Raxd1 {[%clk 01:26:51]} {[%emt 00:00:36]} Nxe4 {[%clk 01:28:23]} {[%emt
00:00:10]} 15. Rfe1 {[%clk 01:25:21]} {[%emt 00:01:58]} a5 {[%clk 01:20:42]}
{[%emt 00:08:13]} 16. Bxh6 {[%clk 01:20:47]} {[%emt 00:05:04]} Nxf2 {[%clk
01:12:49]} {[%emt 00:08:23]} 17. Bxg7 {[%clk 01:18:09]} {[%emt 00:03:07]} Kxg7
{[%clk 01:12:43]} {[%emt 00:00:37]} 18. Kxf2 {[%clk 01:17:29]} {[%emt
00:01:10]} a4 {[%clk 01:13:09]} {[%emt 00:00:05]} 19. Nbd4 {[%clk 01:17:04]}
{[%emt 00:00:54]} Bc5 {[%clk 01:12:17]} {[%emt 00:01:22]} 20. Kf1 {[%clk
01:15:48]} {[%emt 00:01:46]} Nxd4 {[%clk 01:09:43]} {[%emt 00:03:04]} 21. Nxd4
{[%clk 01:15:08]} {[%emt 00:01:09]} Ra6 {[%clk 01:09:11]} {[%emt 00:01:02]} 22.
Nf5+ {[%clk 00:57:01]} {[%emt 00:18:37]} Kh7 {[%clk 01:07:52]} {[%emt
00:01:49]} 23. Rd5 {[%clk 00:49:48]} {[%emt 00:07:44]} Rc6 {[%clk 01:06:09]}
{[%emt 00:02:12]} 24. Ree5 {[%clk 00:49:05]} {[%emt 00:01:11]} b6 {[%clk
01:03:17]} {[%emt 00:03:25]} 25. Nd4 {[%clk 00:42:36]} {[%emt 00:06:58]} Rf6+
{[%clk 01:01:32]} {[%emt 00:02:15]} 26. Nf3 {[%clk 00:42:17]} {[%emt 00:00:50]}
Rg8 {[%clk 00:57:07]} {[%emt 00:04:54]} 27. Rh5+ {[%clk 00:42:12]} {[%emt
00:00:33]} Kg7 {[%clk 00:57:15]} {[%emt 00:00:25]} 28. Rhg5+ {[%clk 00:41:06]}
{[%emt 00:01:36]} Kh7 {[%clk 00:57:27]} {[%emt 00:00:17]} 29. Rh5+ {[%clk
00:41:22]} {[%emt 00:00:15]} Kg7 {[%clk 00:57:48]} {[%emt 00:00:09]} 30. Rdg5+
{[%clk 00:41:47]} {[%emt 00:00:04]} Kf8 {[%clk 00:58:03]} {[%emt 00:00:15]} 31.
Rxg8+ {[%clk 00:41:40]} {[%emt 00:00:38]} Kxg8 {[%clk 00:58:27]} {[%emt
00:00:06]} 32. Re5 {[%clk 00:40:20]} {[%emt 00:01:50]} Kf8 {[%clk 00:58:40]}
{[%emt 00:00:17]} 33. Rd5 {[%clk 00:39:38]} {[%emt 00:01:09]} Bd6 {[%clk
00:58:54]} {[%emt 00:00:19]} 34. Rd4 {[%clk 00:36:47]} {[%emt 00:03:16]} a3
{[%clk 00:58:39]} {[%emt 00:00:50]} 35. bxa3 {[%clk 00:35:09]} {[%emt
00:02:09]} Bxa3 {[%clk 00:58:58]} {[%emt 00:00:10]} 36. Ke2 {[%clk 00:33:50]}
{[%emt 00:01:49]} Re6+ {[%clk 00:58:28]} {[%emt 00:01:00]} 37. Kd2 {[%clk
00:31:31]} {[%emt 00:02:49]} Bc5 {[%clk 00:58:34]} {[%emt 00:00:23]} 38. Rd3
{[%clk 00:29:44]} {[%emt 00:02:12]} Rg6 {[%clk 00:58:12]} {[%emt 00:00:58]} 39.
g3 {[%clk 00:29:41]} {[%emt 00:00:30]} b5 {[%clk 00:57:27]} {[%emt 00:01:17]}
40. Ne5 {[%clk 00:29:32]} {[%emt 00:00:39]} Rg5 {[%clk 00:56:39]} {[%emt
00:01:19]} 41. Nd7+ {[%clk 00:29:44]} {[%emt 00:00:18]} Kg7 {[%clk 00:56:56]}
{[%emt 00:00:12]} 42. Nxc5 {[%clk 00:30:08]} {[%emt 00:00:07]} Rxc5 {[%clk
00:57:20]} {[%emt 00:00:06]} 43. Rd4 {[%clk 00:29:22]} {[%emt 00:01:15]} Kg6
{[%clk 00:56:27]} {[%emt 00:01:23]} 44. a3 {[%clk 00:28:06]} {[%emt 00:01:46]}
f5 {[%clk 00:55:58]} {[%emt 00:01:00]} 45. c4 {[%clk 00:28:00]} {[%emt
00:00:36]} bxc4 {[%clk 00:56:12]} {[%emt 00:00:16]} 46. Kc3 {[%clk 00:28:19]}
{[%emt 00:00:11]} f4 {[%clk 00:54:02]} {[%emt 00:02:39]} 47. Rxf4 {[%clk
00:27:31]} {[%emt 00:01:18]} Ra5 {[%clk 00:54:17]} {[%emt 00:00:15]} 48. Kb4
{[%clk 00:26:36]} {[%emt 00:01:25]} Rh5 {[%clk 00:54:19]} {[%emt 00:00:28]} 49.
h4 {[%clk 00:25:57]} {[%emt 00:01:08]} c3 {[%clk 00:54:38]} {[%emt 00:00:13]}
50. Kxc3 {[%clk 00:26:06]} {[%emt 00:00:21]} Rc5+ {[%clk 00:55:01]} {[%emt
00:00:07]} 51. Rc4 {[%clk 00:25:12]} {[%emt 00:01:24]} Rxc4+ {[%clk 00:55:10]}
{[%emt 00:00:21]} 52. Kxc4 {[%clk 00:25:35]} {[%emt 00:00:07]} 1-0